书目信息 |
| 题名: |
碳黑生产与应用手册
|
|
| 作者: | 李炳炎 主编 | |
| 分册: | ||
| 出版信息: | 北京 化学工业出版社 2000 |
|
| 页数: | ||
| 开本: | 20cm | |
| 丛书名: | ||
| 单 册: | ||
| 中图分类: | TQ621.2 | |
| 科图分类: | ||
| 主题词: | 消色颜料 | |
| 电子资源: | ||
| ISBN: | 7-5025-2856-3 | |
| 000 | 00532nam0 2200181 450 | |
| 001 | 0754114953 | |
| 005 | 20070929150154.95 | |
| 010 | @a7-5025-2856-3 | |
| 100 | @a20070929d km y0chiy0120 ea | |
| 101 | 0 | @achi |
| 200 | 1 | @a碳黑生产与应用手册@Atan hei sheng chan yu ying yong shou ce@f李炳炎 主编@Fli bing yan zhu bian |
| 210 | @a北京@c化学工业出版社@d2000 | |
| 215 | @c插图@d20cm | |
| 606 | 0 | @a消色颜料 |
| 690 | @aTQ621.2@v3 | |
| 701 | 0 | @a李炳炎@Ali bing yan@4主编 |
| 801 | 0 | @aCN@bPFT@c20070929 |
| 905 | @a213230@dTQ621.2@eh126@f1 | |
| 碳黑生产与应用手册/李炳炎 主编.-北京:化学工业出版社,2000 |
| 插图;20cm |
| ISBN 7-5025-2856-3: |
| ● |
| 相关链接 |
|
|
|
|
正题名:碳黑生产与应用手册
索取号:TQ621.2/h126
 
预约/预借
| 序号 | 登录号 | 条形码 | 馆藏地/架位号 | 状态 | 备注 |
| 1 | 6001887 | 260018876 | 密集书库-化学系/ [索取号:TQ621.2/h126] | 在馆 |